[Event "Rome Steinitz op 1st"]
[Site "Rome"]
[Date "2002.07.05"]
[Round "1"]
[White "Yamson, Roberto"]
[Black "Tamburrini, Andrea"]
[Result "1-0"]
[WhiteElo "1623"]
[BlackElo "1377"]
[PlyCount "55"]
[EventDate "2002.07.05"]
[EventType "swiss"]
[EventRounds "5"]
[EventCountry "ITA"]
[SourceTitle "EXT 2007"]
[Source "ChessBase"]
[SourceDate "2006.11.23"]
[SourceVersion "1"]
[SourceVersionDate "2006.11.23"]
[SourceQuality "1"]

1. d4 d5 2. c4 e5 3. Nf3 Nc6 4. Bg5 Be7 5. h4 Nf6 6. Nxe5 Be6 7. Nxc6 bxc6 8. c5 0-0 9. e3 Qd7 10. Bd3 Bf5 11. Nc3 Rfe8 12. Kf1 h6 13. Bf4 Ne4 14. Nxe4 dxe4 15. Bc4 Rad8 16. Qb3 Bf6 17. Rd1 Be6 18. Qc2 Be7 19. a3 Bxc5 20. Bxe6 Qxe6 21. Qxc5 Qg4 22. Rc1 Re6 23. h5 Rd5 24. Qc2 Rxh5 25. Rxh5 Qxh5 26. Kg1 Kh8 27. Qd1 Qf5 28. Rc5 1-0